Statistics for Guess the sport from the balls - Picture quiz

Click here to take the quiz!

General Stats

  • This quiz has been taken 223 times
    (193 since last reset)
  • The average score is 11 of 16

Answer Stats

Answer% Correct
Football/Soccer
96%
Golf
96%
Tennis
88%
Marbles
87%
Table Tennis
87%
Basketball
86%
Bowling
74%
Cricket
73%
Pool
73%
American Football
72%
Volleyball
72%
Baseball
72%
Rugby
67%
Boules/Petanque
34%
Squash
15%
Hurling
13%

Score Distribution

Percentile by Number Answered

Percent of People with Each Score

Your Score History

You have not taken this quiz since the last reset